Pandemic Situation as a Tool of Influence on Quality of Life Indicators of Students of the University of Economics in Bratislava

Zmena vo vnímaní kvality života študentov počas a pred pandémiou COVID-19. Definovanie najviac ovplyvnených indikátorov kvality života s vplyvom na celkovú spokojnosť so životom prostredníctvom rodovej štruktúry.

Salvato in:
Dettagli Bibliografici
Autore principale: Korytinová, Kristína, 1995-
Altri autori: Vávra, Michal, 1996-
Natura: Capitolo di libro
Lingua:inglese
Soggetti:
Tags: Aggiungi Tag
Nessun Tag, puoi essere il primo ad aggiungerne!!

MARC

LEADER 00000naa a2200000 4500
001 0280511
005 20240502083854.0
041 0 |a eng 
044 |a RO 
245 1 0 |a Pandemic Situation as a Tool of Influence on Quality of Life Indicators of Students of the University of Economics in Bratislava  |c Kristína Korytinová, Michal Vávra 
520 |a Zmena vo vnímaní kvality života študentov počas a pred pandémiou COVID-19. Definovanie najviac ovplyvnených indikátorov kvality života s vplyvom na celkovú spokojnosť so životom prostredníctvom rodovej štruktúry. 
610 2 0 |a koronavírus 
610 2 0 |a študenti 
610 2 0 |a kvalita života 
100 1 |a Korytinová, Kristína, 1995- 
700 1 |a Vávra, Michal, 1996-